[Event "Rheinland Pfalz Seniors op"]
[Site "Altenkirchen"]
[Date "2023.09.08"]
[Round "4"]
[White "Vautrin, Stefan"]
[Black "Duijker, Bert"]
[Result "1-0"]
[WhiteElo "2113"]
[BlackElo "1851"]
[PlyCount "87"]
[EventDate "2023.09.05"]
[EventType "swiss"]
[EventRounds "9"]
[EventCountry "GER"]
[SourceTitle "EXT 2024"]
[Source "ChessBase"]
[SourceDate "2023.10.10"]
[SourceVersion "1"]
[SourceVersionDate "2023.10.10"]
[SourceQuality "1"]

1. b3 d5 2. Nf3 c5 3. Bb2 e6 4. g3 Nf6 5. Bg2 Be7 6. 0-0 0-0 7. c4 Nc6 8. cxd5 exd5 9. d4 cxd4 10. Nxd4 Nxd4 11. Qxd4 Be6 12. Ba3 Bxa3 13. Nxa3 Qa5 14. Qb2 Rac8 15. Rac1 h6 16. e3 a6 17. Nc2 Qd8 18. Nd4 Qd7 19. Rfd1 Rxc1 20. Rxc1 Rc8 21. f3 Bh3 22. Bh1 Be6 23. Kf2 Qd6 24. Rxc8+ Bxc8 25. Qc3 Bd7 26. b4 Kf8 27. Bg2 Ne8 28. Nb3 Bc6 29. Ke2 Qf6 30. Qxf6 Nxf6 31. Kd3 Ke7 32. Kd4 Kd6 33. Nc5 Nd7 34. Bh3 Nb6 35. Bf1 f6 36. Bd3 Nd7 37. f4 Nb6 38. Be2 Na4 39. Bd1 Nxc5 40. bxc5+ Ke6 41. g4 g6 42. Bc2 Kf7 43. Bb3 Ke6 44. e4 1-0

[Event "Altenkirchen Seniors op 19th"]
[Site "Altenkirchen"]
[Date "2022.07.22"]
[Round "4"]
[White "Duijker, Bert"]
[Black "Zunker, Reinhard"]
[Result "1/2-1/2"]
[WhiteElo "1873"]
[BlackElo "2022"]
[PlyCount "40"]
[EventDate "2022.07.19"]
[EventType "swiss"]
[EventRounds "9"]
[EventCountry "GER"]
[SourceTitle "CBM 209 Extra"]
[Source "ChessBase"]
[SourceDate "2022.09.30"]
[SourceVersion "1"]
[SourceVersionDate "2022.09.30"]
[SourceQuality "1"]

1. Nf3 d5 2. d4 Nf6 3. c4 c6 4. Nc3 e6 5. e3 Bd6 6. Bd3 Nbd7 7. 0-0 0-0 8. b3 e5 9. cxd5 cxd5 10. dxe5 Nxe5 11. Nxe5 Bxe5 12. Bb2 Re8 13. Rc1 a6 14. h3 b5 15. Ba1 d4 16. exd4 Bxd4 17. Qf3 Be6 18. Rfd1 Qb6 19. Ne4 Bxa1 20. Rxa1 Nxe4 1/2-1/2

[Event "Altenkirchen Seniors op 18th"]
[Site "Altenkirchen"]
[Date "2021.07.09"]
[Round "8"]
[White "Kalepky, Helmut"]
[Black "Duijker, Bert"]
[Result "1/2-1/2"]
[WhiteElo "1962"]
[BlackElo "1853"]
[PlyCount "52"]
[EventDate "2021.07.02"]
[EventType "swiss"]
[EventRounds "9"]
[EventCountry "GER"]
[SourceTitle "CBM 203 Extra"]
[Source "ChessBase"]
[SourceDate "2021.09.30"]
[SourceVersion "1"]
[SourceVersionDate "2021.09.30"]
[SourceQuality "1"]

1. c4 g6 2. g3 Bg7 3. Bg2 e5 4. Nc3 Ne7 5. e4 Nbc6 6. Nge2 0-0 7. d3 d6 8. 0-0 Nd4 9. Be3 Nec6 10. Rb1 a5 11. b3 Bg4 12. f3 Be6 13. a3 Qd7 14. Qd2 Nxe2+ 15. Nxe2 Nd4 16. Rbc1 Nxe2+ 17. Qxe2 c5 18. b4 axb4 19. axb4 b6 20. Qb2 Qc7 21. Ra1 f5 22. b5 f4 23. Bd2 Qb7 24. Rxa8 Rxa8 25. Rc1 g5 26. Bc3 Ra7 1/2-1/2

[Event "Altenkirchen Seniors op 18th"]
[Site "Altenkirchen"]
[Date "2021.07.05"]
[Round "4"]
[White "Matzat, Andre"]
[Black "Duijker, Bert"]
[Result "1/2-1/2"]
[WhiteElo "1985"]
[BlackElo "1853"]
[PlyCount "69"]
[EventDate "2021.07.02"]
[EventType "swiss"]
[EventRounds "9"]
[EventCountry "GER"]
[SourceTitle "CBM 203 Extra"]
[Source "ChessBase"]
[SourceDate "2021.09.30"]
[SourceVersion "1"]
[SourceVersionDate "2021.09.30"]
[SourceQuality "1"]

1. d4 g6 2. Nf3 Bg7 3. g3 d6 4. Bg2 Nd7 5. 0-0 Ngf6 6. b3 c5 7. Bb2 0-0 8. c4 Rb8 9. Nc3 b6 10. Qd2 Bb7 11. d5 Ng4 12. h3 Ngf6 13. e4 Ne8 14. Rfe1 h6 15. Nd1 e5 16. dxe6 fxe6 17. Nh2 Qe7 18. Ng4 h5 19. Nh2 Kh7 20. h4 Ne5 21. Ne3 Nc6 22. Nf3 Bh6 23. Rad1 e5 24. Qd3 Nd4 25. Nd5 Bxd5 26. exd5 Nxf3+ 27. Bxf3 Qf7 28. Kg2 Nf6 29. Re2 Rbe8 30. Be4 Nxe4 31. Qxe4 Qf5 32. Bc1 Bxc1 33. Rxc1 Re7 34. Qxf5 gxf5 35. Rc3 1/2-1/2

[Event "Berlin-ch Seniors op 36th"]
[Site "Berlin"]
[Date "2020.02.01"]
[Round "5.37"]
[White "Duijker, Bert"]
[Black "Kranch, Klaus"]
[Result "1/2-1/2"]
[WhiteElo "1858"]
[BlackElo "1733"]
[PlyCount "34"]
[EventDate "2020.01.28"]
[EventType "swiss"]
[EventRounds "9"]
[EventCountry "GER"]
[SourceTitle "EXT 2024"]
[Source "ChessBase"]
[SourceDate "2023.10.10"]
[SourceVersion "1"]
[SourceVersionDate "2023.10.10"]
[SourceQuality "1"]

1. Nf3 d5 2. d4 Nf6 3. c4 c6 4. Nbd2 e6 5. a3 Nbd7 6. Qc2 Bd6 7. g3 0-0 8. Bg2 Re8 9. 0-0 e5 10. dxe5 Nxe5 11. c5 Bc7 12. Nxe5 Bxe5 13. Nf3 Bc7 14. Be3 Ne4 15. Nd4 Qe7 16. Bxe4 Qxe4 17. Qxe4 Rxe4 1/2-1/2

[Event "RLP Seniors op 17th"]
[Site "Neustadt an der Weinstrasse"]
[Date "2019.07.26"]
[Round "7"]
[White "Duijker, Bert"]
[Black "Alvarez, Luis"]
[Result "0-1"]
[WhiteElo "1906"]
[BlackElo "1786"]
[PlyCount "112"]
[EventDate "2019.07.20"]
[EventType "swiss"]
[EventRounds "9"]
[EventCountry "GER"]
[SourceTitle "CBM 192 Extra"]
[Source "Chessbase"]
[SourceDate "2019.11.06"]
[SourceVersion "1"]
[SourceVersionDate "2019.11.06"]
[SourceQuality "1"]

1. Nf3 Nf6 2. c4 c5 3. Nc3 d6 4. d4 cxd4 5. Nxd4 a6 6. e4 Nc6 7. Be2 Nxd4 8. Qxd4 h6 9. 0-0 e5 10. Qd3 Be7 11. h3 g5 12. f3 Bd7 13. Be3 Bc6 14. Rfd1 Qc7 15. a4 Nd7 16. b4 b6 17. Kf1 0-0 18. b5 axb5 19. cxb5 Bb7 20. Rdc1 Nc5 21. Bxc5 dxc5 22. Qc4 Bd8 23. Rd1 Qe7 24. Rd2 Bc8 25. Qd5 Ra7 26. Qd6 Qxd6 27. Rxd6 Kg7 28. Bc4 Bc7 29. Rd2 Ra8 30. Bd5 Rb8 31. Rad1 Rd8 32. Ke2 Kf8 33. Bc6 Rxd2+ 34. Rxd2 Be6 35. Bd5 Bc8 36. Bb3 Ke8 37. Nd5 Bd8 38. Ne3 Be7 39. Bd5 Kf8 40. Nc4 f6 41. Kd3 Ke8 42. Kc3 Kf8 43. Rd1 Kg7 44. Nd2 Kf8 45. Kc4 Bd8 46. Nb3 Be7 47. Ra1 Bd7 48. Ra3 Ke8 49. Bc6 Bxc6 50. bxc6 Kd8 51. Kb5 c4 52. Ra1 cxb3 53. Rb1 Kc7 54. Rxb3 Rd8 55. a5 bxa5 56. Kxa5 Ra8+ 0-1

[Event "Rheinland Pfalz op Seniors 16th"]
[Site "Neustadt an der Weinstrasse"]
[Date "2018.07.13"]
[Round "7"]
[White "Diehl, Klaus"]
[Black "Duijker, Bert"]
[Result "1-0"]
[WhiteElo "2043"]
[BlackElo "1874"]
[PlyCount "77"]
[EventDate "2018.07.07"]
[EventType "swiss"]
[EventRounds "9"]
[EventCountry "GER"]
[SourceTitle "EXT 2019"]
[Source "ChessBase"]
[SourceDate "2018.10.10"]
[SourceVersion "1"]
[SourceVersionDate "2018.10.10"]
[SourceQuality "1"]

1. b3 d5 2. Bb2 c5 3. e3 Bf5 4. Bb5+ Nd7 5. Nf3 a6 6. Be2 Ngf6 7. d3 h6 8. 0-0 e6 9. Nbd2 Be7 10. c4 0-0 11. cxd5 exd5 12. Re1 Rc8 13. Nf1 Bd6 14. Ng3 Bxg3 15. hxg3 Re8 16. Qd2 Qb6 17. Rac1 Bg6 18. Rc2 Qd6 19. Qc1 b5 20. Rd1 Qb8 21. Qa1 Re6 22. Nh4 Bh7 23. Rcd2 Qb6 24. g4 Ne8 25. Bf3 Ndf6 26. g3 Rd8 27. Nf5 Bxf5 28. gxf5 Red6 29. Be5 R6d7 30. g4 d4 31. exd4 cxd4 32. Rc1 Re7 33. Rc6 Qa5 34. Re2 Red7 35. Bf4 Nd5 36. Bd2 Qa3 37. Bxd5 Rxd5 38. Qe1 Nf6 39. Bb4 1-0

[Event "Schleswig Holstein-ch Seniors op 11th"]
[Site "Buesum"]
[Date "2017.09.13"]
[Round "6"]
[White "Nowack, Achim"]
[Black "Duijker, Bert"]
[Result "1/2-1/2"]
[WhiteElo "1705"]
[BlackElo "1868"]
[PlyCount "63"]
[EventDate "2017.09.08"]
[EventType "swiss"]
[EventRounds "9"]
[EventCountry "GER"]
[SourceTitle "EXT 2019"]
[Source "ChessBase"]
[SourceDate "2018.10.10"]
[SourceVersion "1"]
[SourceVersionDate "2018.10.10"]
[SourceQuality "1"]

1. e4 g6 2. d4 Bg7 3. c3 d6 4. Nf3 Nf6 5. Bd3 0-0 6. 0-0 c5 7. d5 c4 8. Bc2 e6 9. dxe6 Bxe6 10. Bf4 d5 11. e5 Nfd7 12. Bg5 Qe8 13. Re1 Nc6 14. Nd4 Nxd4 15. cxd4 b5 16. Qd2 a5 17. h4 Nb6 18. Qe3 h5 19. Nd2 b4 20. b3 Rc8 21. Bd1 c3 22. Nf1 c2 23. Bxh5 gxh5 24. Bf6 Bf5 25. Qg5 Bg6 26. Bxg7 Kxg7 27. Qf6+ Kg8 28. Qxb6 Qd8 29. Qxd8 Rfxd8 30. Ne3 Rc3 31. Rac1 Kf8 32. Re2 1/2-1/2

[Event "Sachsen-ch Seniors op"]
[Site "Dresden"]
[Date "2016.11.04"]
[Round "5"]
[White "Hauke, Hans"]
[Black "Duijker, Bert"]
[Result "1/2-1/2"]
[WhiteElo "1608"]
[BlackElo "1886"]
[PlyCount "47"]
[EventDate "2016.10.31"]
[EventType "swiss"]
[EventRounds "9"]
[EventCountry "GER"]
[SourceTitle "EXT 2019"]
[Source "ChessBase"]
[SourceDate "2018.10.10"]
[SourceVersion "1"]
[SourceVersionDate "2018.10.10"]
[SourceQuality "1"]

1. e4 g6 2. d4 Bg7 3. Nc3 d6 4. Be3 a6 5. Qd2 b5 6. 0-0-0 h5 7. Nf3 Bb7 8. d5 c5 9. Ng5 Qa5 10. Kb1 Nd7 11. f4 Nb6 12. e5 b4 13. Nce4 Bxd5 14. b3 Rd8 15. Qf2 Nh6 16. Bd3 0-0 17. h3 Nf5 18. Bc1 dxe5 19. g4 Bxe4 20. Nxe4 Nd4 21. f5 Nd5 22. gxh5 Nxf5 23. Rhg1 Nf4 24. hxg6 1/2-1/2

[Event "Sachsen-ch Seniors op"]
[Site "Dresden"]
[Date "2016.11.02"]
[Round "3"]
[White "Kempe, Rainer"]
[Black "Duijker, Bert"]
[Result "1-0"]
[WhiteElo "1989"]
[BlackElo "1886"]
[PlyCount "59"]
[EventDate "2016.10.31"]
[EventType "swiss"]
[EventRounds "9"]
[EventCountry "GER"]
[SourceTitle "EXT 2019"]
[Source "ChessBase"]
[SourceDate "2018.10.10"]
[SourceVersion "1"]
[SourceVersionDate "2018.10.10"]
[SourceQuality "1"]

1. e4 g6 2. g3 c5 3. Bg2 Bg7 4. c3 Nc6 5. Ne2 e6 6. 0-0 Nge7 7. d3 0-0 8. Be3 b6 9. Nd2 d5 10. exd5 exd5 11. c4 dxc4 12. dxc4 Bg4 13. f3 Bf5 14. Nc3 Qd7 15. Nde4 Rad8 16. Qe2 Qd3 17. Rae1 Qxe2 18. Rxe2 Nd4 19. Rd2 Be6 20. b3 h6 21. Rc1 f5 22. Nf2 Rd7 23. f4 Rfd8 24. Bxd4 Rxd4 25. Re2 Kf7 26. Rce1 R4d6 27. Nb5 Bd4 28. Nxd6+ Rxd6 29. Kf1 Nc6 30. Rxe6 1-0

[Event "Schleswig Holstein-ch Seniors op 10th"]
[Site "Buesum"]
[Date "2016.09.30"]
[Round "5"]
[White "Duijker, Bert"]
[Black "Zunker, Reinhard"]
[Result "0-1"]
[WhiteElo "1918"]
[BlackElo "2110"]
[PlyCount "30"]
[EventDate "2016.09.26"]
[EventType "swiss"]
[EventRounds "9"]
[EventCountry "GER"]
[SourceTitle "EXT 2019"]
[Source "ChessBase"]
[SourceDate "2018.10.10"]
[SourceVersion "1"]
[SourceVersionDate "2018.10.10"]
[SourceQuality "1"]

1. Nf3 Nf6 2. c4 g6 3. d4 Bg7 4. g3 d5 5. cxd5 Nxd5 6. Bg2 0-0 7. 0-0 c6 8. e4 Nb6 9. Nc3 Bg4 10. h3 Bxf3 11. Bxf3 Qxd4 12. Be3 Qxd1 13. Raxd1 Nc4 14. Bc1 Na6 15. Rd7 Ne5 0-1

[Event "Rheinland Pfalz op Seniors 14th"]
[Site "Neustadt an der Weinstrasse"]
[Date "2016.07.23"]
[Round "8"]
[White "Schowalter, Gerd"]
[Black "Duijker, Bert"]
[Result "1/2-1/2"]
[WhiteElo "1948"]
[BlackElo "1918"]
[PlyCount "161"]
[EventDate "2016.07.16"]
[EventType "swiss"]
[EventRounds "9"]
[EventCountry "GER"]
[SourceTitle "EXT 2019"]
[Source "ChessBase"]
[SourceDate "2018.10.10"]
[SourceVersion "1"]
[SourceVersionDate "2018.10.10"]
[SourceQuality "1"]

1. d4 g6 2. Nf3 Bg7 3. Bf4 d6 4. e3 Nf6 5. h3 0-0 6. Nbd2 b6 7. c3 Bb7 8. Be2 Nbd7 9. 0-0 Ne4 10. Nxe4 Bxe4 11. Ng5 Bb7 12. Qc2 e5 13. Nxh7 Kxh7 14. Bg3 c5 15. Rad1 cxd4 16. exd4 Qf6 17. Qa4 Rfd8 18. Bb5 Nf8 19. dxe5 dxe5 20. Bh4 g5 21. Bg3 Ne6 22. Rde1 Nf4 23. Kh2 Qf5 24. Bxf4 Qxf4+ 25. Qxf4 gxf4 26. Rd1 f5 27. Bd7 Bc8 28. Bc6 Be6 29. Bxa8 Rxd1 30. Rxd1 Bxa2 31. f3 Bb3 32. Rd7 a5 33. g4 fxg3+ 34. Kxg3 b5 35. Bd5 Bc2 36. Bc6 b4 37. Ra7 bxc3 38. bxc3 Kg6 39. Be8+ Kh6 40. Ra6+ Kh7 41. Bg6+ Kg8 42. Ra8+ Bf8 43. Kf2 Kg7 44. Be8 e4 45. Ra7+ Kh8 46. Rxa5 exf3 47. Bg6 Be7 48. Bxf5 Bd1 49. Ra8+ Kg7 50. Ra7 Kf6 51. Rxe7 Kxe7 52. Be4 Kf6 53. Bxf3 Bb3 54. Ke3 Kg5 55. Bg4 Kf6 56. Kd4 Bf7 57. Bf3 Kg5 58. Bd5 Be8 59. c4 Bd7 60. Bg2 Kh4 61. Ke5 Kg3 62. Kd6 Bc8 63. Bd5 Bxh3 64. c5 Kf4 65. c6 Bc8 66. Be6 Ba6 67. c7 Bb7 68. Bd5 Bc8 69. Ke7 Ke5 70. Kd8 Ba6 71. Bc4 Bb7 72. Bb5 Kd6 73. Bd7 Ba6 74. Bc8 Bb5 75. Bb7 Bd7 76. Ba6 Be6 77. Bc8 Bd5 78. Bg4 Bb7 79. Be2 Ke6 80. Bg4+ Kd6 81. Bc8 1/2-1/2

[Event "Rheinland Pfalz op Seniors 14th"]
[Site "Neustadt an der Weinstrasse"]
[Date "2016.07.22"]
[Round "7"]
[White "Duijker, Bert"]
[Black "Blosze, Winfried"]
[Result "1/2-1/2"]
[WhiteElo "1918"]
[BlackElo "1872"]
[PlyCount "106"]
[EventDate "2016.07.16"]
[EventType "swiss"]
[EventRounds "9"]
[EventCountry "GER"]
[SourceTitle "EXT 2019"]
[Source "ChessBase"]
[SourceDate "2018.10.10"]
[SourceVersion "1"]
[SourceVersionDate "2018.10.10"]
[SourceQuality "1"]

1. Nf3 Nf6 2. c4 g6 3. g3 Bg7 4. Bg2 0-0 5. d4 c5 6. 0-0 cxd4 7. Nxd4 Nc6 8. Nc3 Qb6 9. Nb3 d6 10. Nd5 Nxd5 11. cxd5 Ne5 12. Be3 Qb5 13. Bd4 Bg4 14. f3 Bd7 15. e4 a5 16. Rf2 a4 17. Bf1 Qb4 18. Bc3 Qb6 19. Bd4 Qd8 20. Nd2 b5 21. b3 Qa5 22. bxa4 Qxa4 23. Nb3 Rfc8 24. Kg2 Nc4 25. Bxc4 bxc4 26. Bxg7 Kxg7 27. Qd4+ f6 28. Nc1 Qa3 29. Qb2 Qc5 30. Qc2 Ra3 31. Qb2 Rca8 32. Qb7 R8a7 33. Qb2 Rc7 34. g4 c3 35. Qb8 Rc8 36. Qb7 Ra7 37. Qb3 Ba4 38. Qb1 Rcc7 39. Nb3 c2 40. Nxc5 cxb1Q 41. Ne6+ Kf7 42. Rxb1 Rc2 43. Rxc2 Bxc2 44. Rb2 Bd3 45. Nd4 Bc4 46. Nb3 e6 47. dxe6+ Bxe6 48. Kf2 h5 49. h3 h4 50. Ke3 Bc4 51. Kf2 g5 52. Rd2 Ke7 53. Ke3 Be6 1/2-1/2